00379nam a2200145Ia 4500003000400000005001700004008004100021040001800062041000800080100004900088110002200137245002300159260002000182710003100202OSt20260306110559.0211028s2009 xx 000 0 und d cAIMIT LIBRARY aeng aUchil, Gagan Raj V; Kumar, Rakesh.g60471420 aSanthosh Rebello. aHelp desk system / aMangalorec2009 aCosmonet Solutions Pvt Ltd